Statistics for The 25 Best Horror Films Of The 21st Century So Far

Click here to take the quiz!

General Stats

  • This quiz has been taken 218 times
  • The average score is 3 of 26

Answer Stats

HintAnswer% Correct
242002The Ring
74%
162014The Babadook
29%
222014It Follows
28%
182012Cabin in the Woods
25%
142005The Descent
19%
13200228 Days Later...
17%
112001The Others
17%
52008Let the Right One In
14%
42006The Host
14%
252009Orphan
10%
172007The Mist
10%
232011You're Next
10%
72007The Orphanage
8%
2010Let Me In
6%
122001The Devil's Backbone
5%
192009The House of the Devil
5%
82010Black Swan
4%
102011Kill List
2%
12001Mulholland Drive
1%
62001Trouble Every Day
1%
22014Under the Skin
1%
212012Beberian Sound Studio
0%
152006Bug
0%
92001Kairo
0%
32003Time of the Wolf
0%
202010We Are What We Are
0%

Score Distribution

Percentile by Number Answered

Percent of People with Each Score

Your Score History

You have not taken this quiz